| Tag |
First Indicator |
Second Indicator |
Subfields |
| LEADER |
00000cam a2200000Ia 4500 |
| 001 |
in00000001489 |
| 005 |
20151007050445.0 |
| 007 |
he bmb024baca |
| 008 |
980924e199806 ilua bbt f000 0 eng d |
| 035 |
|
|
|a (OCoLC)ocm42415771
|
| 035 |
|
|
|a (OCoLC)42415771
|
| 035 |
|
|
|9 AJB5461AM
|
| 035 |
|
|
|a (GPO)apn98-026531
|
| 040 |
|
|
|a EEX
|c EEX
|d GPO
|d UtOrBLW
|
| 049 |
|
|
|a TXAM
|
| 074 |
|
|
|a 0335-A (MF)
|
| 074 |
|
|
|a 0335-A (online)
|
| 086 |
0 |
|
|a D 103.53:98/62
|
| 100 |
1 |
|
|a Marsh, Charles P.
|
| 245 |
1 |
0 |
|a Boiling manhole heat-loss calculations /
|c by Charles P. Marsh and Terrill R. Laughton.
|
| 246 |
2 |
|
|a Boiling manhole heat loss calculations
|
| 264 |
|
1 |
|a [Champaign, Ill.] :
|b US Army Corps of Engineers, Construction Engineering Research Laboratories ;
|c [1998]
|
| 264 |
|
2 |
|a [Springfield, Va.] :
|b [National Technical Information Service, distributor],
|
| 300 |
|
|
|a 50 pages :
|b illustrations ;
|c 28 cm.
|
| 336 |
|
|
|a text
|b txt
|2 rdacontent
|
| 337 |
|
|
|a microform
|b h
|2 rdamedia
|
| 338 |
|
|
|a microfiche
|b he
|2 rdacarrier
|
| 490 |
1 |
|
|a USACERL technical report ;
|v 98/62
|
| 500 |
|
|
|a Shipping List #: 98-1025-M
|
| 500 |
|
|
|a Shipping List Date: 09/14/98
|
| 513 |
|
|
|a Final.
|
| 500 |
|
|
|a Cover title.
|
| 500 |
|
|
|a Shipping list number: 98-1025-M.
|
| 500 |
|
|
|a "June 1998."
|
| 530 |
|
|
|a Also available via Internet from the Construction Engineering Research Laboratories web site. Address as of 2/19/03: http://owww.cecer.army.mil/techreports/mar_moss.flm/MAR_MOSS.FLM.post.PDF; current access is available via PURL.
|
| 504 |
|
|
|a Includes bibliographical references (page 49).
|
| 536 |
|
|
|a U.S. Army Center for Public Works.
|d EI3.
|
| 533 |
|
|
|a Microfiche.
|b [Washington, D.C.] :
|c Supt. of Docs., U.S. G.P.O.,
|d [1998]
|e 1 microfiches : negative.
|
| 500 |
|
|
|a Microform.
|
| 650 |
|
0 |
|a Energy conservation.
|
| 650 |
|
0 |
|a Manholes.
|
| 650 |
|
0 |
|a Military bases
|x Heating and ventilation
|x Evaluation.
|
| 700 |
1 |
|
|a Laughton, Terrill R.
|
| 710 |
2 |
|
|a Construction Engineering Research Laboratories (U.S.)
|
| 830 |
|
0 |
|a USACERL technical report ;
|v 98/62.
|
| 856 |
4 |
1 |
|u http://owww.cecer.army.mil/techreports/mar_moss.flm/MAR_MOSS.FLM.post.PDF
|z Adobe Acrobat reader required
|z Adobe Acrobat reader required
|t 0
|
| 994 |
|
|
|a E0
|b TXA
|
| 999 |
|
|
|a MARS
|
| 999 |
f |
f |
|s b4a9588f-a48d-33e8-b2fc-1d4adf93bdd2
|i 146bdb0b-b14a-35e2-8132-c6819f7ee935
|t 0
|
| 952 |
f |
f |
|p normal
|a Texas A&M University
|b College Station
|c Sterling C. Evans Library
|d Evans: US Documents Microfiche (3rd floor)
|t 0
|e D 103.53:98/62
|h Superintendent of Documents classification
|i microform -- microfiche
|m A14820683003
|
| 952 |
f |
f |
|a Texas A&M University
|b College Station
|c Electronic Resources
|d Available Online
|t 0
|e D 103.53:98/62
|h No information provided
|
| 998 |
f |
f |
|a D 103.53:98/62
|t 0
|l Available Online
|
| 998 |
f |
f |
|a D 103.53:98/62
|t 0
|l Evans: US Documents Microfiche (3rd floor)
|